000 00759nam a2200229Ia 4500
003 GCL
008 140319s9999 xx 000 0 ara d
020 _a95526180977
040 _aGCL /
_cGCL
082 0 4 _a615.9529
_bع ف
100 1 _aعبدالحميد محمد عبدالحميد
245 1 0 _aالفطريات والسموم الفطرية /
_cعبدالحميد محمد عبدالحميد
250 _aالاولى
260 _aالقاهرة :
_bدار النشر للجامعات المصرية ،
_c2000
300 _a535 ص ؛
_c24 سم
650 0 4 _aالسموم
650 0 4 _aالنباتات السامة
650 0 4 _aالفطريات
650 0 4 _aالسموم الفطرية
650 0 4 _aعيش الغراب
942 _2ddc
_cBK
999 _c6258
_d6258